000 00581nam a2200205Ia 4500
005 20250508162830.0
008 008 250505s9999 xx 000 0 eng d
020 _a0-13-601451-8
037 _aTextual
040 _aFEDL
_beng
_cFEDL
041 _aeng
_2eng
084 _a170, WAG
_qFEDL
100 _aWagner Michael F.
_9774143
245 0 _aHistorical introduction to moral philosophy
260 _aEnglewood Cliffs, New Jersey, USA
_bPrentice - Hall
_c1991
300 _ax,273p
650 _aEthics
942 _cTEXL
_h170, WAG
999 _c1378940
_d1378940